000 00678nam a2200241Ia 4500
003 OSt
005 20220923221530.0
006 a|||||r|||| 00| 0
007 ta
008 RAJ
024 _a197,929
037 _cTextual
040 _aARTS
_cARTS
_bRAJ
041 _2RAJ
_aRAJ
082 _aO1528xN, 152M2
100 _aसेखावत, कल्याण सिंध
245 0 _aकूंपल
246 _aKūanpala
260 _aजयपुर
_b चिन्मय प्रका0
_c1982
300 _a184पृ0
_ccm.
942 _hO1528xN, 152M2
_cTEXL
_2CC
999 _c349799
_d349799